Online
Catalog

Pasión en el oficio de escribir / (Record no. 14583)

MARC details
000 -CABECERA
campo de control de longitud fija 01157nam a2200349 i 4500
001 - NÚMERO DE CONTROL
campo de control 000015010
003 - IDENTIFICADOR DEL NÚMERO DE CONTROL
campo de control DO-SdBNP
005 - FECHA Y HORA DE LA ÚLTIMA TRANSACCIÓN
campo de control 20250211103812.0
007 - CAMPO FIJO DE DESCRIPCIÓN FÍSICA--INFORMACIÓN GENERAL
campo de control de longitud fija ta
008 - DATOS DE LONGITUD FIJA--INFORMACIÓN GENERAL
campo de control de longitud fija 100129s2007 dr 001 0 spa d
020 ## - NÚMERO INTERNACIONAL ESTÁNDAR DEL LIBRO
Número Internacional Estándar del Libro 9789993462910
040 ## - FUENTE DE LA CATALOGACIÓN
Centro catalogador/agencia de origen DO-SdBNP
Lengua de catalogación spa
Centro/agencia transcriptor BNPHU
Normas de descripción rda
041 ## - CÓDIGO DE LENGUA
Código de lengua original spa
082 ## - NÚMERO DE LA CLASIFICACIÓN DECIMAL DEWEY
Número de clasificación 860.44
Número de documento/Ítem C433p
Número de edición 22
100 1# - ENTRADA PRINCIPAL--NOMBRE DE PERSONA
Nombre de persona Chahín, Plinio,
Fechas asociadas al nombre 1959-
Término indicativo de función/relación autor
9 (RLIN) 24881
245 10 - MENCIÓN DE TÍTULO
Título Pasión en el oficio de escribir /
Mención de responsabilidad, etc. Plinio Chahín.
264 ## - PRODUCCIÓN, PUBLICACIÓN, DISTRIBUCIÓN, FABRICACIÓN Y COPYRIGHT
Producción, publicación, distribución, fabricación y copyright Santo Domingo :
Nombre del de productor, editor, distribuidor, fabricante UASD,
Fecha de producción, publicación, distribución, fabricación o copyright 2007.
300 ## - DESCRIPCIÓN FÍSICA
Extensión 177 páginas ;
Dimensiones 23 cm.
336 ## - TIPO DE CONTENIDO
Término de tipo de contenido rdacontent
Código de tipo de contenido texto
Fuente txt
337 ## - TIPO DE MEDIO
Nombre/término del tipo de medio rdamedia
Código del tipo de medio sin mediación
Fuente n
338 ## - TIPO DE SOPORTE
Nombre/término del tipo de soporte rdacarrier
Código del tipo de soporte volumen
Fuente nc
490 1# - MENCIÓN DE SERIE
Mención de serie Literatura y sociedad
Designación de volumen o secuencia 77
500 ## - NOTA GENERAL
Nota general Incluye datos biográficos del autor en las solapas.
590 ## - NOTA LOCAL (RLIN)
Nota local Inventariado, 2025/DG
650 #4 - PUNTO DE ACCESO ADICIONAL DE MATERIA--TÉRMINO DE MATERIA
Término de materia o nombre geográfico como elemento de entrada Literatura hispanoamericana
Subdivisión cronológica SIGLO XX
Subdivisión general Historia y crítica
9 (RLIN) 23302
650 #4 - PUNTO DE ACCESO ADICIONAL DE MATERIA--TÉRMINO DE MATERIA
Término de materia o nombre geográfico como elemento de entrada Literatura dominicana
Subdivisión general Crítica e interpretación
9 (RLIN) 216
650 #4 - PUNTO DE ACCESO ADICIONAL DE MATERIA--TÉRMINO DE MATERIA
Término de materia o nombre geográfico como elemento de entrada Ensayos hispanoamericano
9 (RLIN) 33977
710 1# - PUNTO DE ACCESO ADICIONAL--NOMBRE DE ENTIDAD CORPORATIVA
Nombre de entidad corporativa o nombre de jurisdicción como elemento de entrada Universidad Autónoma de Santo Domingo
9 (RLIN) 72951
830 #0 - PUNTO DE ACCESO ADICIONAL DE SERIE-TÍTULO UNIFORME
Título uniforme Literatura y sociedad
Número de parte o sección de la obra 77
9 (RLIN) 33978
910 ## - DATOS DE OPCIÓN DEL USUARIO (OCLC)
Datos de opción del usuario DG
942 ## - ELEMENTOS DE PUNTO DE ACCESO ADICIONAL (KOHA)
Fuente del sistema de clasificación o colocación Dewey Decimal Classification
Tipo de ítem Koha Libro
Holdings
Estado de retiro Estado de pérdida No para préstamo Código de colección Localización permanente Ubicación/localización actual Ubicación en estantería Fecha de adquisición Número de inventario Total de préstamos Signatura topográfica completa Código de barras Fecha visto por última vez Precio válido a partir de Tipo de ítem Koha Número de copia Fuente del sistema de clasificación o colocación Restricciones de uso Fuente de adquisición Nota pública
      Dominicana de Servicio Biblioteca Nacional Pedro Henríquez Ureña Biblioteca Nacional Pedro Henríquez Ureña En catalogación 11.02.2025     BNPHU DS 860.44 C433p 2025-0928 11.02.2025 11.02.2025 Libro e.3 Dewey Decimal Classification Préstamo en sala Donado por la Presidencia de la República Dominicana 2023 Pertenecio a la biblioteca personal de René Rodríguez Soriano
    Excluido de préstamo Patrimonio Dominicano Patrimonio Dominicano Patrimonio Dominicano Depósito 29.01.2010 LF1   860.44 C433p 15010-10 25.06.2020 25.06.2020 Libro y Folleto Colección Patrimonio Dominicano          
    Excluido de préstamo Patrimonio Dominicano Patrimonio Dominicano Patrimonio Dominicano Depósito 28.04.2015 LF1   860.44 C433p 15010-20 25.06.2020 25.06.2020 Libro y Folleto Colección Patrimonio Dominicano e. 2        

Powered by Koha